<?xml version="1.0" encoding="UTF-8"?>
<record
    xmlns:xsi="http://www.w3.org/2001/XMLSchema-instance"
    xsi:schemaLocation="http://www.loc.gov/MARC21/slim http://www.loc.gov/standards/marcxml/schema/MARC21slim.xsd"
    xmlns="http://www.loc.gov/MARC21/slim">

  <leader>00836nam a2200253 a 4500</leader>
  <controlfield tag="001">BRL_1221</controlfield>
  <controlfield tag="005">20190320211106.0</controlfield>
  <controlfield tag="008">021213s1994----mx-ao####c---#000-0#----#</controlfield>
  <datafield tag="020" ind1=" " ind2=" ">
    <subfield code="a">9682958326</subfield>
  </datafield>
  <datafield tag="041" ind1=" " ind2=" ">
    <subfield code="a">spa</subfield>
  </datafield>
  <datafield tag="044" ind1=" " ind2=" ">
    <subfield code="a">mx</subfield>
  </datafield>
  <datafield tag="050" ind1=" " ind2="4">
    <subfield code="a">ND259.S56</subfield>
    <subfield code="b">.S57 1994</subfield>
  </datafield>
  <datafield tag="245" ind1="1" ind2="0">
    <subfield code="a">Siqueiros</subfield>
    <subfield code="b">el lugar de la utop&#xED;a</subfield>
    <subfield code="c">Coordinaci&#xF3;n: Irene Herner ; fotograf&#xED;a: Javier Hinojosa.</subfield>
  </datafield>
  <datafield tag="260" ind1=" " ind2=" ">
    <subfield code="a">M&#xE9;xico</subfield>
    <subfield code="b">Instituto Nacional de Bellas Artes, Sala de Arte P&#xFA;blico Siqueiros</subfield>
    <subfield code="c">[1994]</subfield>
  </datafield>
  <datafield tag="300" ind1=" " ind2=" ">
    <subfield code="a">173 p.</subfield>
    <subfield code="b">il., 6 art&#xED;culos de peri&#xF3;dico</subfield>
    <subfield code="c">28 cm.</subfield>
  </datafield>
  <datafield tag="500" ind1=" " ind2=" ">
    <subfield code="a">Au1411</subfield>
  </datafield>
  <datafield tag="504" ind1=" " ind2=" ">
    <subfield code="a">Bibliograf&#xED;a: p. 169-170</subfield>
  </datafield>
  <datafield tag="600" ind1="1" ind2="4">
    <subfield code="a">Siqueiros, David Alfaro</subfield>
    <subfield code="d">1896-1974</subfield>
    <subfield code="v">Exposiciones</subfield>
    <subfield code="9">4894</subfield>
  </datafield>
  <datafield tag="650" ind1="1" ind2="4">
    <subfield code="a">Pintura mexicana</subfield>
    <subfield code="9">3715</subfield>
  </datafield>
  <datafield tag="700" ind1="1" ind2=" ">
    <subfield code="a">Herner, Irene</subfield>
    <subfield code="9">26163</subfield>
  </datafield>
  <datafield tag="700" ind1="1" ind2=" ">
    <subfield code="a">Hinojosa, Javier</subfield>
    <subfield code="e">il.</subfield>
    <subfield code="9">4884</subfield>
  </datafield>
  <datafield tag="902" ind1=" " ind2=" ">
    <subfield code="a">GRL</subfield>
  </datafield>
  <datafield tag="942" ind1=" " ind2=" ">
    <subfield code="2">lcc</subfield>
    <subfield code="c">B</subfield>
  </datafield>
  <datafield tag="999" ind1=" " ind2=" ">
    <subfield code="c">10033</subfield>
    <subfield code="d">10033</subfield>
  </datafield>
  <datafield tag="952" ind1=" " ind2=" ">
    <subfield code="0">0</subfield>
    <subfield code="1">0</subfield>
    <subfield code="4">0</subfield>
    <subfield code="7">0</subfield>
    <subfield code="a">BRL</subfield>
    <subfield code="b">BRL</subfield>
    <subfield code="d">2013-12-02</subfield>
    <subfield code="i">Au1411</subfield>
    <subfield code="l">0</subfield>
    <subfield code="o">ND259.S56 .S57 1994 (Au1411)</subfield>
    <subfield code="p">GRL01339</subfield>
    <subfield code="r">2019-03-22 00:00:00</subfield>
    <subfield code="w">2019-03-22</subfield>
    <subfield code="y">B</subfield>
  </datafield>
</record>
